O. Potebnja pro denacionalizaciju sučasna porivnjuval'na ocinka

Bibliographic Details
Main Author: Neľha, Oleksandr (Author)
Format: Article
Language:Slovak
Ukrainian
PhysicalDescription:Lit. 7 zázn. v ruš., ukr.
Subjects:

MARC

LEADER 00000nab a2200000 a 4500
001 vtls000538112
003 SK-MaSNL
005 20260304102525.0
008 250425c1994 xo 0 slo
015 |a SNBRB19rr/mm-uuuuu 
035 |a CL0538250 
035 |a urn:nbn:sk:snk-abboy4 
035 |a (urnnbn)urn:nbn:sk:snk:ar-00103w 
035 |a (uuid)ae89a14e-0e4a-4142-a261-4a6c836f6396 
040 |a SNKBUCL  |b slo  |c SNKBUCL  |e AACR2 
041 0 |a ukr 
044 |a xo  |c SK 
080 |a 800:39:303.446  |2 1981 
080 |a 39  |2 1981 
080 |a 303.446  |2 1981 
080 |a 800.87  |2 1981 
080 |a 801-051  |2 1981 
080 |a 929 Potebnja, Oleksandr Opanasovyč  |2 1981 
100 1 |a Neľha, Oleksandr  |4 aut  |9 1399633 
245 1 0 |a O. Potebnja pro denacionalizaciju  |b sučasna porivnjuval'na ocinka  |c Oleksandr Neľha 
300 |b Lit. 7 zázn. v ruš., ukr. 
600 1 7 |a Potebnja, Oleksandr Opanasovyč,  |d 1835-1891  |x profily  |2 snkbucl  |9 1399634 
650 0 7 |a etnolingvistika  |2 snkbucl  |9 20873 
650 0 7 |a deetnizácia spoločenská  |2 snkbucl  |9 1399635 
655 7 |a články z novín a časopisov  |2 snkbucl  |9 267496 
773 0 |t Duklja  |g Roč. 42, č. 5 (1994), s. 37-41 
850 |a Slovenská národná knižnica 
852 |a Slovenská národná knižnica 
958 |a article15 
958 |a RK 
958 |a BC 
958 |a UA 
958 |a OND 
958 |a EUIPO 
992 |a RBX 
999 |c 2845331  |d 2847261